Tort in a Nutshells : (Record no. 422)

MARC details
000 -LEADER
fixed length control field 00486nam a22001577a 4500
008 - FIXED-LENGTH DATA ELEMENTS--GENERAL INFORMATION
fixed length control field 110420t xxu||||| |||| 00| 0 eng d
020 ## - INTERNATIONAL STANDARD BOOK NUMBER
International Standard Book Number 0421419407
082 ## - DEWEY DECIMAL CLASSIFICATION NUMBER
Edition number 346.03 TIE
100 ## - MAIN ENTRY--PERSONAL NAME
Personal name Tiernon, Ralph.
9 (RLIN) 1236
245 ## - TITLE STATEMENT
Title Tort in a Nutshells :
Statement of responsibility, etc Ralph, Tiernan /
250 ## - EDITION STATEMENT
Edition statement 2nd ed.
260 ## - PUBLICATION, DISTRIBUTION, ETC. (IMPRINT)
Place of publication, distribution, etc London:
Name of publisher, distributor, etc Sweet & Maxwell.
Date of publication, distribution, etc 1990.
300 ## - PHYSICAL DESCRIPTION
Extent 133p.;
Dimensions 22 cm.
942 ## - ADDED ENTRY ELEMENTS (KOHA)
Source of classification or shelving scheme Dewey Decimal Classification
Item type Books
Holdings
Withdrawn status Lost status Source of classification or shelving scheme Damaged status Not for loan Home library Current library Shelving location Date acquired Total Checkouts Barcode Date last seen Price effective from Koha item type
    Dewey Decimal Classification     Law Development Centre Main Library Law Development Centre Main Library Text Books and Laws 04/20/2011   2011/2356 04/20/2011 04/20/2011 Books